000 00496nam a22001577a 4500
999 _c17688
_d17688
008 221206b ||||| |||| 00| 0 eng d
020 _a9781260548082
082 _22020
_aDC 174.4
_bD461
100 _aDesJardins, Joseph.
_946951
245 _aAn introduction to business ethics /
_cJoseph DesJardins.
260 _aNew York, NY :
_bMcGraw-Hill Education,
_c©2020.
300 _axiii, 288 pages ;
_c23 cm.
500 _aIncludes index.
650 _aBusiness ethics.
_946952
942 _2ddc
_cDC